000 00678nam a2200205 u 4500
001 000277401
003 AM-YeHGA
005 20250618071825.0
008 031029s1966 ai r 000 0 arm d
040 _aAM-YeHGA
041 0 _aarm
090 _aՆ-93
100 0 _aՆոր-Այր,
_d1912-1981
245 1 0 _aԱնապատի առավոտը :
_b[Վեպ] /
_cՆոր-Այր; Խմբ.՝ Խ.Ս. Պողոսյան.
260 _aԵրևան :
_bՀայաստան,
_c1966.
300 _a600 էջ :
_bդիմանկ. ;
_c22 սմ.
650 1 4 _aՀայ գրականություն
_xՎեպ
700 1 _aՊողոսյան, Խաչիկ Սերոբի,
_d1912-
_eխմբ.
_4edt
_91966
090 _c102494
999 _c101177
_d101177